MARC details
| 000 -CABECERA |
| campo de control de longitud fija |
01033nam a2200277 a 4500 |
| 001 - NÚMERO DE CONTROL |
| campo de control |
000019463 |
| 005 - FECHA Y HORA DE LA ÚLTIMA TRANSACCIÓN |
| campo de control |
20210310105541.0 |
| 008 - DATOS DE LONGITUD FIJA--INFORMACIÓN GENERAL |
| campo de control de longitud fija |
100629s2005 es c 000 0 spa d |
| 020 ## - NÚMERO INTERNACIONAL ESTÁNDAR DEL LIBRO |
| Número Internacional Estándar del Libro |
8497647424 |
| 040 ## - FUENTE DE LA CATALOGACIÓN |
| Centro catalogador/agencia de origen |
DO-SdBNP |
| Lengua de catalogación |
spa |
| Centro/agencia transcriptor |
BNPHU |
| 082 ## - NÚMERO DE LA CLASIFICACIÓN DECIMAL DEWEY |
| Número de clasificación |
928.42 |
| Número de documento/Ítem |
B869a |
| 049 ## - FONDOS LOCALES (OCLC) |
| Fondos de biblioteca |
BNPD |
| 100 1# - ENTRADA PRINCIPAL--NOMBRE DE PERSONA |
| Nombre de persona |
Albaladejo Vivero, Carmen |
| 9 (RLIN) |
41802 |
| 245 10 - MENCIÓN DE TÍTULO |
| Título |
Charlotte Brontë / |
| Mención de responsabilidad, etc. |
Carmen Albaladejo Vivero ; coordinador general Felipe Sen ; coordinador de colección Mar de Ventura Fernández. |
| 260 ## - PUBLICACIÓN, DISTRIBUCIÓN, ETC. |
| Lugar de publicación, distribución, etc. |
Madrid, España : |
| Nombre del editor, distribuidor, etc. |
Edimat, |
| Fecha de publicación, distribución, etc. |
2005. |
| 300 ## - DESCRIPCIÓN FÍSICA |
| Extensión |
189 p. : |
| Otras características físicas |
retr. ; |
| Dimensiones |
22 cm. |
| 490 1# - MENCIÓN DE SERIE |
| Mención de serie |
Mujeres en la historia |
| 500 ## - NOTA GENERAL |
| Nota general |
Incluye datos de la autora en el chaleco |
| 504 ## - NOTA DE BIBLIOGRAFÍA, ETC. |
| Nota de bibliografía, etc. |
Incluye bibliografías (p. 189) |
| 600 14 - PUNTO DE ACCESO ADICIONAL DE MATERIA--NOMBRE DE PERSONA |
| Nombre de persona |
BRONTË, CHARLOTTE |
| Fechas asociadas al nombre |
1816-1855 |
| Subdivisión general |
CRÍTICA E INTERPRETACIÓN |
| 9 (RLIN) |
41803 |
| 650 #0 - PUNTO DE ACCESO ADICIONAL DE MATERIA--TÉRMINO DE MATERIA |
| Término de materia o nombre geográfico como elemento de entrada |
Bografías |
| 9 (RLIN) |
20254 |
| 650 #4 - PUNTO DE ACCESO ADICIONAL DE MATERIA--TÉRMINO DE MATERIA |
| Término de materia o nombre geográfico como elemento de entrada |
Mujeres en la literatura |
| Subdivisión general |
Biografía |
| 9 (RLIN) |
41804 |
| 700 1# - PUNTO DE ACCESO ADICIONAL--NOMBRE DE PERSONA |
| Nombre de persona |
Sen, Felipe, |
| Término indicativo de función/relación |
coord. |
| 9 (RLIN) |
41707 |
| 700 1# - PUNTO DE ACCESO ADICIONAL--NOMBRE DE PERSONA |
| Nombre de persona |
Ventura Fernández, Mar de, |
| Término indicativo de función/relación |
coord. |
| 9 (RLIN) |
41759 |
| 830 #0 - PUNTO DE ACCESO ADICIONAL DE SERIE-TÍTULO UNIFORME |
| Título uniforme |
Mujeres en la historia |
| 9 (RLIN) |
41760 |